[Event "63rd ch-RUS HL w"]
[Site "Yekaterinburg RUS"]
[Date "2013.06.23"]
[Round "4.5"]
[White "Balaian, Alina"]
[Black "Charochkina, Daria"]
[Result "0-1"]
[WhiteTitle "WIM"]
[BlackTitle "WGM"]
[WhiteElo "2237"]
[BlackElo "2326"]
[WhiteFideId "24115347"]
[BlackFideId "4180917"]
[EventDate "2013.06.20"]

1. e4 c6 2. d4 d5 3. f3 Qb6 4. Nc3 e6 5. a3 Ne7 6. Be3 Ng6 7. b4 a5 8. Na4 Qd8
9. b5 Bd6 10. c4 cxb5 11. cxb5 dxe4 12. d5 Bf4 13. Qd2 Bxe3 14. Qxe3 Nd7 15.
dxe6 fxe6 16. fxe4 Qh4+ 17. g3 Qf6 18. Rc1 O-O 19. Be2 Nge5 20. Nh3 Nf3+ 21.
Bxf3 Qxf3 22. Qxf3 Rxf3 23. Rc3 Rxc3 24. Nxc3 Ne5 25. O-O Bd7 26. Nf4 Rc8 27.
Nfe2 Be8 28. h3 a4 29. Rc1 Nd3 30. Rd1 Nb2 31. Rc1 Rc5 32. Rc2 Nd1 33. Rc1 Nxc3
34. Rxc3 Rxb5 35. Rc8 Kf7 36. Nd4 Re5 37. Rc7+ Kf6 38. Rxb7 Rxe4 39. Nc2 Re2 40.
Rc7 Bg6 41. Nd4 Re3 42. Kf2 Rxa3 43. Rc6 Bf7 44. Ra6 h6 45. Nb5 Ra1 46. Nc3 a3
47. Nb5 a2 48. Nc3 Rh1 49. Rxa2 Rh2+ 50. Kg1 Rxh3 51. Ne4+ Kg6 52. Ra6 Rh5 53.
Kg2 Rd5 54. Kf3 Rd1 55. Nc5 Kf6 56. Ra7 Rf1+ 57. Ke3 Bh5 58. Ne4+ Kg6 59. Re7
Rf3+ 60. Kd4 Bg4 61. Nd6 Rxg3 62. Ne8 h5 63. Rxg7+ Kf5 64. Nd6+ Kf4 65. Rh7 Rg1
66. Rf7+ Bf5 67. Nxf5 exf5 68. Kd3 Rg2 69. Rh7 Rh2 70. Rg7 Kf3 71. Rg1 h4 72.
Rf1+ Rf2 73. Rh1 Kg3 74. Ke3 f4+ 75. Ke4 Re2+ 76. Kd3 f3 77. Rg1+ Rg2 78. Rh1 f2
79. Ke2 Rg1 0-1

[Event "63rd ch-RUS HL w"]
[Site "Yekaterinburg RUS"]
[Date "2013.06.23"]
[Round "4.6"]
[White "Drozdova, Dina"]
[Black "Sukhareva, Evgeniya"]
[Result "1-0"]
[WhiteTitle "WIM"]
[WhiteElo "2315"]
[BlackElo "2248"]
[WhiteFideId "4170695"]
[BlackFideId "4167155"]
[EventDate "2013.06.20"]

1. d4 d5 2. c4 e6 3. Nf3 c6 4. g3 Nf6 5. Bg2 Bb4+ 6. Bd2 Be7 7. O-O O-O 8. Qc2
Nbd7 9. Bf4 Nh5 10. Bc1 Nhf6 11. Nbd2 b6 12. e4 Nxe4 13. Nxe4 dxe4 14. Qxe4 Bb7
15. Re1 Re8 16. Bf4 Nf6 17. Qc2 c5 18. Rad1 Qc8 19. d5 exd5 20. Ng5 Ne4 21. Nh3
Bf8 22. cxd5 Nd6 23. Ng5 Rxe1+ 24. Rxe1 Qf5 25. Qd2 h6 26. Bxd6 Bxd6 27. Ne4 Be5
28. Nc3 Rd8 29. Qe2 Bd6 30. Nb5 Bf8 31. Nc3 g6 32. h4 h5 33. Kh2 Bc8 34. Ne4 Bg7
35. Ng5 Bd4 36. Qe7 Qf6 37. Re2 Rf8 38. Qxa7 Bxb2 39. Ne4 Qe5 40. Qxb6 Bd4 41.
f4 Qe7 42. d6 Qe6 43. Rd2 Qf5 44. Qc7 Kg7 45. Ng5 Qd7 46. Nf3 Qxc7 47. dxc7 Be6
48. Nxd4 cxd4 49. Bb7 Bc8 50. Bd5 Re8 51. Rxd4 Re7 52. Kg2 Rxc7 53. Rc4 Rd7 54.
Rxc8 Rxd5 55. Ra8 Rd2+ 56. Kf3 Rd3+ 57. Kf2 Rd2+ 58. Ke3 Rg2 59. Kf3 Rb2 60. g4
hxg4+ 61. Kxg4 Rc2 62. h5 f5+ 63. Kg3 gxh5 64. Kh4 Rg2 65. Kxh5 Rg4 66. Ra4 Kf6
67. a3 Ke6 68. Rb4 Rg3 69. a4 Kd5 70. a5 Ra3 71. Kg6 Rxa5 72. Kxf5 Kd6+ 73. Kf6
Kd7 74. f5 Rc5 75. Kg6 Rc1 76. Kf7 Rd1 77. f6 Rd2 78. Ra4 Rd1 79. Ra2 Rd3 80.
Kf8 Rf3 81. f7 Rg3 82. Rd2+ Kc7 83. Rd4 Rg1 84. Ke7 Re1+ 85. Kf6 Rf1+ 86. Ke6
Rf2 87. Rd5 1-0

[Event "63rd ch-RUS HL w"]
[Site "Yekaterinburg RUS"]
[Date "2013.06.23"]
[Round "4.7"]
[White "Pustovidko, Anastasia"]
[Black "Tarasova, Viktoriya"]
[Result "0-1"]
[BlackTitle "WIM"]
[WhiteElo "1905"]
[BlackElo "2292"]
[WhiteFideId "24102547"]
[BlackFideId "4175840"]
[EventDate "2013.06.20"]

1. d4 Nf6 2. c4 e6 3. Nf3 Bb4+ 4. Bd2 c5 5. e3 b6 6. Bd3 Bb7 7. Bxb4 cxb4 8.
Nbd2 O-O 9. O-O d6 10. Ng5 Qe7 11. f4 g6 12. e4 e5 13. d5 Nh5 14. Nh3 Nxf4 15.
Nxf4 exf4 16. Rxf4 Qe5 17. Qf3 Nd7 18. Nb3 Qxb2 19. Qh3 Bc8 20. Raf1 Qg7 21. Be2
Ne5 22. Qe3 Ba6 23. Rf6 Bxc4 24. Bxc4 Nxc4 25. Qe2 Rac8 26. Nd4 Ne5 27. Nb5 Qh6
28. Nxd6 Rc1 29. Nb5 Rfc8 30. Nd6 Rxf1+ 31. Rxf1 Rc1 32. Nb5 Rxf1+ 33. Kxf1 Qc1+
34. Kf2 Qc5+ 35. Kg3 a6 36. Kf4 f6 37. Na7 b5 38. Qe3 g5+ 0-1

[Event "63rd ch-RUS HL w"]
[Site "Yekaterinburg RUS"]
[Date "2013.06.23"]
[Round "4.8"]
[White "Dordzhieva, Dinara"]
[Black "Poliushkina, Darjia"]
[Result "1-0"]
[WhiteTitle "WC"]
[WhiteElo "2081"]
[BlackElo "1940"]
[WhiteFideId "24157570"]
[BlackFideId "24186660"]
[EventDate "2013.06.20"]

1. e4 e6 2. d4 d5 3. Nc3 Nf6 4. Bg5 Bb4 5. e5 h6 6. Be3 Ne4 7. Qg4 g6 8. Bd3 h5
9. Qf3 Nxc3 10. a3 Be7 11. bxc3 c5 12. Nh3 c4 13. Be2 g5 14. Qg3 g4 15. Ng1 Qa5
16. Bd2 Rg8 17. h4 Qa4 18. Bd1 Nc6 19. f3 Qb5 20. fxg4 Qb2 21. Rc1 Bxa3 22. Qf4
Qa2 23. gxh5 Bxc1 24. Bxc1 Bd7 25. Qf6 Qa5 26. Ne2 Nxd4 27. Bg5 Rxg5 28. hxg5
Nxe2 29. Kxe2 Qd8 30. Qh8+ Ke7 31. Qf6+ Kf8 32. Qh6+ Ke7 33. g6 Qh8 34. Qxh8
Rxh8 35. g7 Rg8 36. h6 1-0

[Event "63rd ch-RUS HL w"]
[Site "Yekaterinburg RUS"]
[Date "2013.06.23"]
[Round "4.9"]
[White "Bivol, Alina"]
[Black "Egorova, Ayyyna"]
[Result "1-0"]
[WhiteTitle "WIM"]
[BlackTitle "WC"]
[WhiteElo "2207"]
[BlackElo "1991"]
[WhiteFideId "4100123"]
[BlackFideId "24136611"]
[EventDate "2013.06.20"]

1. e4 Nf6 2. e5 Nd5 3. c4 Nb6 4. d4 d6 5. exd6 exd6 6. Bd3 Nc6 7. Ne2 Be7 8. O-O
O-O 9. Nbc3 Bg4 10. Be3 Nb4 11. b3 Nxd3 12. Qxd3 Qd7 13. Ng3 Bh4 14. h3 Bxg3 15.
hxg4 Bh4 16. g5 f5 17. f4 h6 18. g3 Bxg3 19. Bd2 hxg5 20. Qxg3 g4 21. d5 Rf6 22.
Kf2 c6 23. Be3 c5 24. Rh1 Nc8 25. Qh4 Qe8 26. Qh8+ Kf7 27. Qxe8+ Kxe8 28. Rae1
Kf7 29. Nb5 Ne7 30. Nc7 Rb8 31. Bc1 Rh6 32. Rxh6 gxh6 33. Nb5 Rd8 34. Re6 Nc8
35. Rxh6 a6 36. Nc7 Ne7 37. Rh7+ 1-0

[Event "63rd ch-RUS HL w"]
[Site "Yekaterinburg RUS"]
[Date "2013.06.23"]
[Round "4.10"]
[White "Zasypkina, Evgenia"]
[Black "Romanko, Marina"]
[Result "0-1"]
[BlackTitle "IM"]
[WhiteElo "1994"]
[BlackElo "2368"]
[WhiteFideId "24102784"]
[BlackFideId "4149351"]
[EventDate "2013.06.20"]

1. e4 c6 2. d4 d5 3. Nc3 dxe4 4. Nxe4 Bf5 5. Ng3 Bg6 6. Nh3 e6 7. Nf4 Bd6 8. c3
Qc7 9. Qf3 Nf6 10. Bc4 Nd5 11. Nfe2 Nd7 12. O-O N7f6 13. Re1 a6 14. h3 O-O 15.
Bd2 Rfe8 16. Bb3 a5 17. a4 e5 18. dxe5 Bxe5 19. Nf5 Qb6 20. Nc1 Rad8 21. Be3
Nxe3 22. Nxe3 Bb8 23. Rd1 Rxd1+ 24. Qxd1 Ne4 25. Qd4 Ba7 26. Qxb6 Bxb6 27. Ne2
Nxf2 28. Kxf2 Rxe3 29. Kf1 Bd3 30. Bd1 f5 31. Ke1 g5 32. Kd2 f4 33. Ng1 Kg7 34.
Bf3 Bf5 35. Rf1 Kg6 36. Ne2 Rd3+ 37. Ke1 Be3 38. Rh1 Rd2 39. b4 axb4 40. cxb4
Rb2 41. b5 Rb1+ 0-1

[Event "63rd ch-RUS HL w"]
[Site "Yekaterinburg RUS"]
[Date "2013.06.23"]
[Round "4.11"]
[White "Sazonova, Anastasia"]
[Black "Iljushina, Olga"]
[Result "1/2-1/2"]
[WhiteTitle "WFM"]
[BlackTitle "WGM"]
[WhiteElo "2108"]
[BlackElo "2334"]
[WhiteFideId "24131008"]
[BlackFideId "4152280"]
[EventDate "2013.06.20"]

1. e4 c5 2. Nf3 Nc6 3. d4 cxd4 4. Nxd4 Nf6 5. Nc3 d6 6. Bc4 e5 7. Nf5 Bxf5 8.
exf5 Qd7 9. O-O Qxf5 10. Nd5 Nxd5 11. Qxd5 Be7 12. c3 O-O 13. f4 Kh8 14. Be3 Qd7
15. Rad1 Rad8 16. b4 Qc7 17. b5 exf4 18. Bxf4 Ne5 19. Bb3 b6 20. c4 Qc5+ 21.
Qxc5 bxc5 22. Rd5 f6 23. a4 g6 24. a5 Kg7 25. a6 Rb8 26. Re1 Kf7 27. h3 Rfd8 28.
Bg3 Bf8 29. Red1 Ke6 30. Re1 Bh6 31. Bd1 Kf7 32. Bxe5 fxe5 33. Bf3 Ke7 34. Rd3
Bf4 35. Bc6 h5 36. Be4 Rg8 37. g3 Bh6 38. Red1 Rb6 39. Kg2 h4 40. g4 Bf4 41. Rf3
g5 1/2-1/2

[Event "63rd ch-RUS HL w"]
[Site "Yekaterinburg RUS"]
[Date "2013.06.23"]
[Round "4.12"]
[White "Rodionova, Daria"]
[Black "Adamova, Tuyara"]
[Result "1-0"]
[WhiteTitle "WFM"]
[WhiteElo "2109"]
[BlackElo "1927"]
[WhiteFideId "24136638"]
[BlackFideId "24142050"]
[EventDate "2013.06.20"]

1. e4 c5 2. Nf3 e6 3. d4 cxd4 4. Nxd4 a6 5. Bd3 Qc7 6. O-O Nf6 7. Nc3 Be7 8. Qe2
d6 9. Kh1 O-O 10. f4 b5 11. e5 dxe5 12. fxe5 Nfd7 13. Bf4 g6 14. Rae1 Nc5 15.
Bh6 Rd8 16. Qf3 Bf8 17. Bxf8 Rxf8 18. Ncxb5 Qb7 19. Nd6 Qxf3 20. Rxf3 Nxd3 21.
Rxd3 Bd7 22. Rc3 a5 23. Rc7 Ra6 24. Ne4 Bc8 25. Rf1 Nd7 26. Nd6 Nb6 27. Rfxf7
Rxf7 28. Nxf7 Ra8 29. Nd6 Bd7 30. Rb7 Ra6 31. Ne4 1-0

[Event "63rd ch-RUS HL w"]
[Site "Yekaterinburg RUS"]
[Date "2013.06.23"]
[Round "4.13"]
[White "Monina, Polina"]
[Black "Mirzoeva, Elmira"]
[Result "1/2-1/2"]
[BlackTitle "WGM"]
[WhiteElo "1958"]
[BlackElo "2244"]
[WhiteFideId "24127019"]
[BlackFideId "4127951"]
[EventDate "2013.06.20"]

1. d4 Nf6 2. c4 g6 3. Nf3 Bg7 4. g3 O-O 5. Bg2 d6 6. O-O Nbd7 7. Nc3 e5 8. dxe5
dxe5 9. Qc2 Re8 10. Rd1 c6 11. e4 Qc7 12. h3 Nc5 13. Be3 Ne6 14. b4 Nd7 15. c5
a5 16. a3 axb4 17. axb4 Rxa1 18. Rxa1 Nd4 19. Qd3 Rd8 20. Bxd4 exd4 21. Ne2 b6
22. Rc1 bxc5 23. bxc5 Nf8 24. Nd2 Ne6 25. Nb3 g5 26. Rd1 Qe5 27. Qc4 Bf8 28. Rd2
Nxc5 29. Rxd4 Ba6 30. Qc2 Rb8 31. Nbc1 Ne6 32. Rd2 Bb4 33. Nd3 Qa1+ 34. Rd1 Bxd3
35. Qxd3 Qa4 36. Rb1 Qa7 37. Qc4 Bc5 38. Rxb8+ Qxb8 39. Qa2 Qb6 40. Nc3 Bd4 41.
Nd1 Qb4 42. Bf1 c5 43. Kg2 Kg7 44. Bc4 Qb6 45. Qe2 Qd6 46. Qg4 Qe5 47. h4 h6 48.
hxg5 hxg5 49. Bd5 Kf8 50. Qf3 Ke7 51. Bc4 f6 52. Bd5 Nc7 53. Bc4 Ne8 54. Bd5 Nc7
55. Bc4 Ne8 56. Bd5 Nc7 1/2-1/2

[Event "63rd ch-RUS HL w"]
[Site "Yekaterinburg RUS"]
[Date "2013.06.23"]
[Round "4.14"]
[White "Nasybullina, Alfia"]
[Black "Saunina, Ludmila"]
[Result "1-0"]
[BlackTitle "WGM"]
[WhiteElo "2095"]
[BlackElo "2208"]
[WhiteFideId "4132416"]
[BlackFideId "4108698"]
[EventDate "2013.06.20"]

1. d4 e6 2. c4 b6 3. g3 Bb7 4. d5 c6 5. Bg2 Na6 6. e4 Bd6 7. Nc3 Nc7 8. Nge2
exd5 9. exd5 cxd5 10. O-O Nf6 11. Nf4 O-O 12. Nfxd5 Ncxd5 13. Nxd5 Nxd5 14. Bxd5
Bc6 15. Qf3 Qc7 16. b3 Be5 17. Rb1 Rac8 18. Ba3 Bxd5 19. Qxd5 Rfd8 20. Rbd1 Bf6
21. Bd6 Qc6 22. Rd3 Re8 23. Rfd1 Re2 24. a4 Rce8 25. Bf4 g6 26. Re3 Re7 27. Bh6
R2xe3 28. Bxe3 Kg7 29. Kg2 Re5 30. Qf3 Qe6 31. Kg1 Qc6 32. Qf4 Qe6 33. Qd4 Qf5
34. Qxd7 Qc2 35. Qd2 Qe4 36. Bd4 Rf5 37. Bxf6+ Rxf6 38. Qb2 Qe6 39. Qd4 h5 40.
Qd2 Rf3 41. Re1 Qf6 42. Re3 Rxe3 43. Qxe3 h4 44. Kg2 Qc6+ 45. f3 hxg3 46. Qd4+
Kh7 47. hxg3 Qe6 48. Kf2 Qf5 49. Qe4 Qd7 50. Qd5 Qe7 51. f4 Kg8 52. Qa8+ Kh7 53.
Qh1+ Kg8 54. Qe1 Qa3 55. Qe8+ Kg7 56. Qe3 Qa2+ 57. Kf3 Qb1 58. Qc3+ Kg8 59. Kf2
Qa2+ 60. Ke3 Qb1 61. Kd2 Qf1 62. Qe3 Qb1 63. Kc3 Qf5 64. Kb2 Qd7 65. Ka3 Qc6 66.
a5 Qc7 67. axb6 axb6 68. Qe5 Qc6 69. Kb4 Kh7 70. Qd5 Qe8 71. Qe5 Qc6 72. Qe7 Kg8
73. Qe3 Kh7 74. Kc3 Kg8 75. b4 Kh7 76. Qd3 Qe6 77. Qd2 Kg8 78. Qf2 Kh7 79. Qf1
Kg8 80. Qd3 Kh7 81. Kb3 b5 82. Kc3 bxc4 83. Qxc4 Qe3+ 84. Qd3 Qc1+ 85. Kb3 Qc8
86. Qd5 Kg8 87. b5 Qg4 88. Qd3 Qe6+ 89. Ka4 Qa2+ 90. Kb4 Qe6 91. Kc5 Qc8+ 92.
Kb4 Qf8+ 93. Kb3 Qb8 94. Qd5 Qb6 95. Kc4 Qa5 96. Kc5 Qc3+ 97. Qc4 Qa3+ 98. Kb6
Qd6+ 99. Kb7 Qd7+ 100. Ka6 Qd6+ 101. b6 Kg7 102. Qc3+ Kh7 103. Ka7 Qd7+ 104. b7
Qe7 105. Ka8 Qe4 106. Qa3 Qc6 107. Ka7 Qc7 108. Qb4 Qd7 109. Qc4 Qe7 110. Qc3
Qd7 111. Qe5 Qa4+ 112. Kb6 Qb4+ 113. Kc7 Qc4+ 114. Kd8 Qd3+ 115. Ke8 1-0

[Event "63rd ch-RUS HL w"]
[Site "Yekaterinburg RUS"]
[Date "2013.06.24"]
[Round "5.1"]
[White "Kashlinskaya, Alina"]
[Black "Bodnaruk, Anastasia"]
[Result "0-1"]
[WhiteTitle "WGM"]
[BlackTitle "IM"]
[WhiteElo "2329"]
[BlackElo "2440"]
[WhiteFideId "4198026"]
[BlackFideId "4181751"]
[EventDate "2013.06.20"]

1. e4 c5 2. c3 Nf6 3. e5 Nd5 4. d4 cxd4 5. Nf3 Nc6 6. Bc4 Nb6 7. Bb3 d5 8. exd6
Qxd6 9. O-O g6 10. Ng5 e6 11. Qf3 Qe7 12. Qg3 Bg7 13. Bf4 h6 14. Nf3 e5 15. Re1
Be6 16. Bxe5 Nxe5 17. Nxe5 Bxb3 18. axb3 O-O 19. cxd4 Qb4 20. Qc3 Nd5 21. Qxb4
Nxb4 22. Na3 Rfd8 23. Red1 Rac8 24. Kf1 a6 25. Nf3 b5 26. Rd2 Rd6 27. Rad1 Bf6
28. Nb1 Na2 29. Re2 Rdc6 30. Nbd2 Rc1 31. Ree1 Rxd1 32. Rxd1 Nb4 33. Ne4 Kg7 34.
Rd2 Bd8 35. d5 f5 36. Nc3 Bf6 37. Nd4 Kf7 38. Ke2 Ke7 39. Kf3 Kd6 40. Nde2 Rc5
41. g4 Bg5 42. Rd1 Nc2 43. gxf5 gxf5 44. Ng3 Ke5 45. d6 b4 46. Na4 Rc6 47. d7
Bd8 48. Ne2 Rd6 49. Rc1 Rd2 50. Nc5 Bg5 51. Ng3 h5 52. Re1+ Nxe1# 0-1

[Event "63rd ch-RUS HL w"]
[Site "Yekaterinburg RUS"]
[Date "2013.06.24"]
[Round "5.3"]
[White "Tarasova, Viktoriya"]
[Black "Kovalevskaya, Ekaterina"]
[Result "1/2-1/2"]
[WhiteTitle "WIM"]
[BlackTitle "IM"]
[WhiteElo "2292"]
[BlackElo "2407"]
[WhiteFideId "4175840"]
[BlackFideId "4116704"]
[EventDate "2013.06.20"]

1. d4 d5 2. c4 e6 3. Nc3 c5 4. cxd5 exd5 5. Nf3 Nc6 6. g3 Nf6 7. Bg2 Be7 8. O-O
O-O 9. dxc5 Bxc5 10. a3 a5 11. Bg5 d4 12. Na4 Ba7 13. Rc1 h6 14. Bf4 Qe7 15. Qc2
Bg4 16. h3 Bh5 17. Qb3 Rad8 18. Rfd1 Rfe8 19. g4 Bg6 20. Nh4 Be4 21. Nf5 Bxf5
22. gxf5 Qd7 23. Qb5 Ne4 24. Rd3 Qe7 25. Rc2 Nd6 26. Bxd6 Rxd6 27. Nc5 Ne5 28.
Rdd2 Bxc5 29. Qxc5 d3 30. exd3 Nxd3 31. Qb5 Qd8 32. Re2 Rf8 33. Qc4 Qg5 34. Qg4
Qf6 35. Rcd2 Rfd8 36. Be4 Ne5 37. Qf4 Rxd2 38. Rxd2 Rxd2 39. Qxd2 b6 40. b3 Qg5+
41. Qxg5 hxg5 42. Kf1 Kf8 43. Ke2 Ke7 44. Ke3 Kd6 45. Kd4 f6 46. a4 Nd7 47. Ba8
Nc5 48. Bd5 Na6 49. Be4 Nb4 50. Ba8 Na2 51. Bd5 Kd7 52. Be6+ Kc6 53. Bd5+ Kd6
54. Bf3 Nc1 55. Bd1 Kc7 56. Kc3 Kc6 57. Kc4 Na2 58. Bf3+ Kc7 59. Kd4 Nb4 60. Ba8
Na6 61. Bf3 Nc5 62. Bd5 Kd6 63. Bc4 Nd7 64. Bd5 Ne5 65. Be4 Kd7 66. Bd5 Kc7 67.
Ba8 Nd7 68. Be4 Nc5 69. Bd5 Kd6 70. Bc4 Nd7 71. Bd5 Nf8 72. Be4 Nh7 73. Bf3 Nf8
74. Be4 Nd7 75. Bd5 Nc5 76. Bc4 Kc6 77. Bd5+ Kc7 78. Bf7 Nb7 79. Kd5 Nc5 80. Kd4
Na6 81. Bd5 Nb4 82. Bf3 Kd7 83. Bh1 Kd6 84. Be4 Na6 85. Bd5 Nb8 86. Bf3 Na6 87.
Bd5 Nc7 88. Bf3 Kd7 89. Be2 Ke7 90. Bd3 Kf8 91. Bc4 Ke8 92. Bd3 Kd8 93. Bc4 Kd7
94. Bd3 Kd6 95. Bc4 Kc6 96. Be2 Kd7 97. Bd3 Ke7 98. Be2 Kf7 99. Bc4+ Kf8 100.
Ke4 Ke8 101. Kd4 Ke7 102. Bd3 Kd7 103. Be2 Kc6 104. Bd3 Kd6 105. Bc4 Kd7 106.
Be2 Ke7 107. Bd3 Kd7 108. Be2 Kd6 109. Bc4 Na8 110. Bd3 Nc7 111. Bc4 Ne8 112.
Bd3 Nc7 113. Bc4 1/2-1/2

[Event "63rd ch-RUS HL w"]
[Site "Yekaterinburg RUS"]
[Date "2013.06.24"]
[Round "5.4"]
[White "Charochkina, Daria"]
[Black "Drozdova, Dina"]
[Result "1-0"]
[WhiteTitle "WGM"]
[BlackTitle "WIM"]
[WhiteElo "2326"]
[BlackElo "2315"]
[WhiteFideId "4180917"]
[BlackFideId "4170695"]
[EventDate "2013.06.20"]

1. e4 e6 2. d4 d5 3. Nc3 Bb4 4. a3 Bxc3+ 5. bxc3 dxe4 6. Qg4 Nf6 7. Qxg7 Rg8 8.
Qh6 c5 9. Ne2 Rg6 10. Qe3 Nc6 11. dxc5 Qa5 12. Bd2 Ne7 13. c4 Qc7 14. Nf4 Rg4
15. Be2 Rg8 16. O-O Ng6 17. Nxg6 Rxg6 18. f3 Bd7 19. Bc3 Bc6 20. fxe4 Ng4 21.
Qh3 f5 22. exf5 exf5 23. Bxg4 Rxg4 24. Rxf5 Re4 25. Qh5+ Kd8 26. Rd1+ 1-0

[Event "63rd ch-RUS HL w"]
[Site "Yekaterinburg RUS"]
[Date "2013.06.24"]
[Round "5.5"]
[White "Dordzhieva, Dinara"]
[Black "Vasilevich, Irina"]
[Result "0-1"]
[WhiteTitle "WC"]
[BlackTitle "IM"]
[WhiteElo "2081"]
[BlackElo "2370"]
[WhiteFideId "24157570"]
[BlackFideId "4141296"]
[EventDate "2013.06.20"]

1. d4 Nf6 2. Nf3 e6 3. c4 b6 4. g3 Ba6 5. Nbd2 d5 6. Ne5 c6 7. Bg2 Nfd7 8. Nxd7
Nxd7 9. b3 Bb4 10. Bb2 dxc4 11. bxc4 Bxc4 12. Bxc6 Rc8 13. Bf3 Qg5 14. h4 Qh6
15. e3 O-O 16. a3 Ba5 17. Rc1 Bd3 18. Qb3 Rxc1+ 19. Bxc1 Qg6 20. h5 Qf5 21. Bd1
Rc8 22. Qb2 Qd5 23. f3 Qc6 24. Qb3 Qxc1 25. Qxd3 Rc3 26. Qe2 Rc2 0-1

[Event "63rd ch-RUS HL w"]
[Site "Yekaterinburg RUS"]
[Date "2013.06.24"]
[Round "5.6"]
[White "Kovanova, Baira"]
[Black "Balaian, Alina"]
[Result "1-0"]
[WhiteTitle "WGM"]
[BlackTitle "WIM"]
[WhiteElo "2371"]
[BlackElo "2237"]
[WhiteFideId "4164083"]
[BlackFideId "24115347"]
[EventDate "2013.06.20"]

1. d4 Nf6 2. Nf3 g6 3. c4 Bg7 4. Nc3 O-O 5. Bf4 d6 6. h3 Nbd7 7. e3 b6 8. Be2
Bb7 9. O-O h6 10. Bh2 Ne4 11. Nxe4 Bxe4 12. Nd2 Bb7 13. Bf3 Qc8 14. Rc1 e5 15.
b4 exd4 16. exd4 Bxd4 17. Bxb7 Qxb7 18. Qg4 c5 19. Bxd6 Rfe8 20. Nb3 Qc6 21.
Nxd4 Qxd6 22. Nb5 Qc6 23. Qg3 Ne5 24. Rfd1 a6 25. Nd6 Re6 26. b5 axb5 27. cxb5
Qd7 28. Nf5 Qxb5 29. f4 Nc6 30. Nxh6+ Kg7 31. Nf5+ Kg8 32. Rd7 Rf6 33. Nh6+ Kg7
34. f5 Ne5 35. Re7 Kxh6 36. Rxe5 Qb2 37. Rd1 gxf5 38. Qf4+ Kg6 39. h4 Rxa2 40.
Qg5+ Kh7 41. Re8 f4 42. Qg8+ Kh6 43. Qh8+ Kg6 44. Rg8+ Kf5 45. Qh5+ 1-0

[Event "63rd ch-RUS HL w"]
[Site "Yekaterinburg RUS"]
[Date "2013.06.24"]
[Round "5.7"]
[White "Romanko, Marina"]
[Black "Bivol, Alina"]
[Result "1-0"]
[WhiteTitle "IM"]
[BlackTitle "WIM"]
[WhiteElo "2368"]
[BlackElo "2207"]
[WhiteFideId "4149351"]
[BlackFideId "4100123"]
[EventDate "2013.06.20"]

1. d4 d5 2. c4 c6 3. Nc3 e6 4. e3 f5 5. Bd3 Nf6 6. Nge2 Bd6 7. f3 O-O 8. O-O c5
9. cxd5 exd5 10. dxc5 Bxc5 11. Nd4 g6 12. Na4 Be7 13. Bd2 Nc6 14. Nxc6 bxc6 15.
Rc1 Bd7 16. Nc5 Bd6 17. b4 Qe7 18. Re1 Nh5 19. f4 Nf6 20. Bc3 a5 21. Nxd7 Qxd7
22. bxa5 c5 23. Bxf6 Rxf6 24. Bb5 Qc8 25. Qxd5+ Kg7 26. a6 Be7 27. Bc4 Ra7 28.
Rb1 Rd7 29. Qe5 Bd6 30. Qc3 Qa8 31. Red1 1-0

[Event "63rd ch-RUS HL w"]
[Site "Yekaterinburg RUS"]
[Date "2013.06.24"]
[Round "5.8"]
[White "Ivakhinova, Inna"]
[Black "Rodionova, Daria"]
[Result "1-0"]
[WhiteTitle "WGM"]
[BlackTitle "WFM"]
[WhiteElo "2291"]
[BlackElo "2109"]
[WhiteFideId "4185641"]
[BlackFideId "24136638"]
[EventDate "2013.06.20"]

1. d4 Nf6 2. c4 g6 3. Nc3 d5 4. Nf3 Bg7 5. Bf4 O-O 6. e3 c5 7. dxc5 Ne4 8. Rc1
Nd7 9. cxd5 Qa5 10. Qc2 Nxc3 11. bxc3 Nxc5 12. e4 Bd7 13. Bd2 Qa3 14. Be2 Rfc8
15. O-O Na4 16. c4 Bb2 17. Rb1 b5 18. Bc1 Bxc1 19. Rfxc1 bxc4 20. Ne5 Be8 21.
Nxc4 Qc5 22. Qd2 Rab8 23. Rxb8 Rxb8 24. Bd1 Qb5 25. g3 Nc5 26. Qd4 Qb4 27. Bc2
Nd7 28. Rb1 Qc5 29. Qxc5 Rxb1+ 30. Bxb1 Nxc5 31. Bc2 Bb5 32. Nd2 Kf8 33. f4 Ke8
34. Kf2 Kd7 35. Ke3 f6 36. Kd4 Nb7 37. e5 f5 38. Nf3 Kc8 39. Ng5 h6 40. Ne6 Bd7
41. Nf8 Be8 42. g4 fxg4 43. Bxg6 Bxg6 44. Nxg6 Kd8 45. f5 Kd7 46. d6 exd6 47.
e6+ Ke8 48. f6 Nd8 49. Kd5 Nf7 50. Nf4 1-0

[Event "63rd ch-RUS HL w"]
[Site "Yekaterinburg RUS"]
[Date "2013.06.24"]
[Round "5.9"]
[White "Sukhareva, Evgeniya"]
[Black "Pustovidko, Anastasia"]
[Result "0-1"]
[WhiteElo "2248"]
[BlackElo "1905"]
[WhiteFideId "4167155"]
[BlackFideId "24102547"]
[EventDate "2013.06.20"]

1. d4 Nf6 2. c4 g6 3. Nf3 Bg7 4. g3 O-O 5. Bg2 c6 6. O-O d6 7. Nc3 Nbd7 8. b3
Re8 9. Bb2 a6 10. Qc2 b5 11. cxb5 axb5 12. b4 Nb6 13. Nd2 d5 14. a4 Bf5 15. Qb3
Nc4 16. Nxc4 bxc4 17. Qa3 Qb6 18. a5 Qa7 19. Rfd1 Reb8 20. Na4 Nd7 21. e4 dxe4
22. Qc3 Qb7 23. Ba3 Qb5 24. Nb2 e5 25. Nxc4 exd4 26. Rxd4 c5 27. bxc5 Nxc5 28.
Bb2 Ne6 29. Rad1 Qc5 30. Nb6 Bxd4 31. Qxc5 Bxc5 32. Nxa8 Rxa8 33. h3 g5 34. Bc3
Rd8 35. Ra1 Bd4 36. Bxd4 Nxd4 37. a6 Ra8 38. Ra5 Bg6 39. Bf1 Ra7 40. Rd5 Nf3+
41. Kh1 e3 42. fxe3 Be4 43. Rd6 Rc7 44. Rd1 Nd2+ 45. Bg2 Bxg2+ 46. Kxg2 Nc4 47.
Kf3 Ra7 48. Rc1 Ne5+ 49. Ke4 Nd7 50. Rc6 Kg7 51. Kf5 h6 52. h4 gxh4 53. gxh4 Nb8
54. Rb6 Nxa6 55. Rb1 Nc7 56. Rg1+ Kf8 57. e4 Ra5+ 58. Kg4 Ne6 59. Re1 h5+ 60.
Kg3 Kg7 61. e5 Ra4 62. Kh3 Rg4 63. Ra1 Nf4+ 64. Kh2 Rxh4+ 65. Kg3 Rg4+ 66. Kf3
Ne6 0-1

[Event "63rd ch-RUS HL w"]
[Site "Yekaterinburg RUS"]
[Date "2013.06.24"]
[Round "5.11"]
[White "Egorova, Ayyyna"]
[Black "Sazonova, Anastasia"]
[Result "0-1"]
[WhiteTitle "WC"]
[BlackTitle "WFM"]
[WhiteElo "1991"]
[BlackElo "2108"]
[WhiteFideId "24136611"]
[BlackFideId "24131008"]
[EventDate "2013.06.20"]

1. d4 Nf6 2. c4 g6 3. Nc3 Bg7 4. e4 d6 5. Nf3 O-O 6. Be2 e5 7. O-O Nc6 8. d5 Ne7
9. Ne1 Nd7 10. f3 f5 11. Be3 f4 12. Bf2 g5 13. Rc1 Ng6 14. Nd3 Nf6 15. c5 h5 16.
cxd6 cxd6 17. Nb5 Rf7 18. Nxa7 Bd7 19. Qb3 Qb8 20. Qb6 Ne8 21. Nb4 g4 22. Nb5 g3
23. Be1 Bf6 24. hxg3 fxg3 25. Nc6 bxc6 26. Qxb8 Rxb8 27. dxc6 Be6 28. c7 Rc8 29.
Ba5 Bg5 30. Rc3 Bd2 31. Ra3 Bxa5 32. Rxa5 Nf4 33. Bd1 Bc4 34. Re1 Bxb5 35. Rxb5
Rfxc7 36. b4 Rc1 37. Rb7 Kh8 38. Rf7 Rb1 39. Rf8+ Kg7 40. Rf5 Rcc1 0-1